О нелинейном распостранении предельно коротких импульсов в оптически одноосных средах; Журнал экспериментальной и теоретической физики; Т. 123, вып. 6

Dettagli Bibliografici
Parent link:Журнал экспериментальной и теоретической физики=ЖЭТФ/ Российская академия наук (РАН) ; Отделение физических наук РАН.— , 1931-.— 0044-4510
Т. 123, вып. 6.— 2003.— с. 1160-1178
Autore principale: Сазонов С. В.
Altri autori: Соболевский А. Ф.
Lingua:russo
Pubblicazione: 2003
Serie:Атомы, спектры, излучение
Soggetti:
Natura: MixedMaterials Capitolo di libro
KOHA link:https://koha.lib.tpu.ru/cgi-bin/koha/opac-detail.pl?biblionumber=431494

MARC

LEADER 00000naa2a2200000 4500
001 431494
005 20231101075405.0
035 |a (RuTPU)RU\TPU\prd\91624 
035 |a RU\TPU\prd\18537 
090 |a 431494 
100 |a 20101201a2003 k y0rusy50 ca 
101 0 |a rus 
102 |a RU 
200 1 |a О нелинейном распостранении предельно коротких импульсов в оптически одноосных средах  |f С. В. Сазонов, А. Ф. Соболевский 
225 1 |a Атомы, спектры, излучение 
320 |a Библиогр.: 53. назв. 
461 1 |0 (RuTPU)RU\TPU\prd\1443  |x 0044-4510  |t Журнал экспериментальной и теоретической физики  |l ЖЭТФ  |f Российская академия наук (РАН) ; Отделение физических наук РАН  |d 1931- 
463 1 |0 (RuTPU)RU\TPU\prd\91621  |t Т. 123, вып. 6  |v с. 1160-1178  |d 2003 
610 1 |a короткие импульсы 
610 1 |a нелинейное распостранение 
610 1 |a квантовомеханические модели 
610 1 |a волновые уравнения 
610 1 |a электронный отклик 
610 1 |a вынужденное комбинационное рассеяние 
610 1 |a генерация 
700 1 |a Сазонов  |b С. В. 
701 1 |a Соболевский  |b А. Ф. 
801 1 |a RU  |b 63413507  |c 20031016  |g PSBO 
801 2 |a RU  |b 63413507  |c 20101201  |g RCR 
942 |c BK